Riconosci il Pokémon - Quiz n°766 - Statistics

Statistiche generali
  • Questo quiz è stato fatto 1 volte
  • Il punteggio medio è 10 su 10
Statistiche sulle risposte
Indizio Riposta % Corretto
Tasso di cattura 120 (24.9%)
100%
Altezza 1,20 m
100%
Peso 32,5 kg
100%
Sesso 50% ♂, 50% ♀
100%
Tipo Acqua / Erba
100%
Pokémon Lombre
100%
Tasso di allevamento Medio-Lento
100%
Abilità Nuotovelox; Copripioggia; Mente Locale
100%
Stadio evoluzione Prima evoluzione
100%
Generazione Terza
100%
Nessun quiz corrispondente trovato
Distribuzione punteggi
Percentuale di utenti per punteggio
Percentile per numero di risposta
I tuoi punteggi nel tempo
Non hai fatto questo quiz